Library Banner

Zero hawar = زیروطاہر / (Record no. 130897)

MARC details
000 -LEADER
fixed length control field 00414nam a22001457a 4500
005 - DATE AND TIME OF LATEST TRANSACTION
control field 20230605103401.0
008 - FIXED-LENGTH DATA ELEMENTS--GENERAL INFORMATION
fixed length control field 230605b ||||| |||| 00| 0 eng d
040 ## - CATALOGING SOURCE
Transcribing agency PK-LaUMT
082 ## - DEWEY DECIMAL CLASSIFICATION NUMBER
Classification number 320.95491
Item number SAT-Z
100 ## - MAIN ENTRY--PERSONAL NAME
Personal name Sattar Tahir = ستار طاہر
245 ## - TITLE STATEMENT
Title Zero hawar = زیروطاہر /
Statement of responsibility, etc by Sattar Tahir = ستار طاہر
260 ## - PUBLICATION, DISTRIBUTION, ETC. (IMPRINT)
Place of publication, distribution, etc Lahore :
Name of publisher, distributor, etc Classic,
Date of publication, distribution, etc 1986
300 ## - PHYSICAL DESCRIPTION
Extent 192 p.
942 ## - ADDED ENTRY ELEMENTS (KOHA)
Koha item type Books
Holdings
Withdrawn status Lost status Damaged status Home library Current library Date acquired Full call number Barcode Date last seen Price effective from Koha item type
      UMT Main Campus UMT Main Campus 2023-06-05 320.95491 SAT-Z 145000 2023-06-05 2023-06-05 Books